Miguel Strogoff

Saved in:
Bibliographic Details
Main Author: Verne, Julio (Author)
Format: Book
Language:Spanish
Published: Santiago Colicheuque 1980
Series:Biblioteca Básica Universal
Subjects:
Tags: Add Tag
No Tags, Be the first to tag this record!

MARC

LEADER 00000nam a2200000 a 4500
001 UCG2522
003 CL-VaPUC
008 100708e19800000CL |||||||||||||||||spa|d
082 0 4 |a 843  |b VER  |2 21 
100 0 |a Verne, Julio  |e author  |9 550977 
245 1 0 |a Miguel Strogoff 
300 |a 80 p 
942 |c BK 
945 |d 20100708 00:00:00  |a mfarfan 
260 |a Santiago  |b Colicheuque  |c 1980 
650 0 |a Novela francesa  |9 264985 
650 0 |a Literatura francesa  |9 266330 
650 0 |a Escritores franceses   |9 450149 
583 |a last modification  |c 20100708 00:00:00  |k Rodrigo Vera 
490 0 |a Biblioteca Básica Universal 
999 |c 341666  |d 341664